000 00661nam a2200241Ia 4500
003 OSt
005 20220918221507.0
006 a|||||r|||| 00| 0
007 ta
008 220917b |||||||| |||| 00| 0 eng d
024 _a190,677
037 _cTextual
040 _aARTS
_cARTS
_beng
041 _2eng
_aeng
082 _aR4,(F), N7
100 _aSassower Raphael
_9140590
245 0 _aTechnoscientific ANGST
_b ethics and responsibility
260 _aMinneapolis
_bUniversity of Minnesota Press
_c1997
300 _axv;140p.
_ccm.
650 _aETHICS
942 _hR4,(F), N7
_cTEXL
_2CC
999 _c272698
_d272698